00333nam a2200121Ia 4500008004000000020001800040082001300058100001500071245005700086260004100143300001300184650001400197210210b1997 xxu||||| |||| 00| 0 eng d a0 521 63453 9 a423 CAMB aCAMBRIDGE. aCambridge international dictionary of phrasal verbs. aUnited Kingdom.bNot Mentionedc1997 axiii,381 aPhrases